| 000 | 01097nam a2200349 i 4500 | ||
|---|---|---|---|
| 001 | 200463333 | ||
| 003 | TR-AnTOB | ||
| 005 | 20250116160020.0 | ||
| 007 | ta | ||
| 008 | 250116s2024 tu b 001 0 tur d | ||
| 020 |
_a9789750296017 _q(paperback) |
||
| 035 | _a(OCoLC)1038502910 | ||
| 035 | _a(TR-AnTOB)200463333 | ||
| 040 |
_aSULEY _beng _erda _cSULEY _dTR-AnTOB |
||
| 041 | 0 | _atur | |
| 050 | 4 |
_aKKX962 _b.M465 2024 |
|
| 090 |
_aKKX962 _b.M465 2024 |
||
| 100 | 1 |
_aMemiş, Tekin _eauthor _9121388 |
|
| 245 | 1 | 0 |
_aSermaye piyasası hukuku / _cProf. Dr. Tekin Memiş, Doç. Dr. Gökçen Turan. |
| 250 | _aGüncellenmiş 7. baskı. | ||
| 264 | 1 |
_aAnkara : _bSeçkin, _c2024. |
|
| 300 |
_a256 pages ; _c24 cm |
||
| 336 |
_atext _btxt _2rdacontent |
||
| 337 |
_aunmediated _bn _2rdamedia |
||
| 338 |
_avolume _bnc _2rdacarrier |
||
| 490 | 0 |
_aSeçkin Hukuk ; _vno. 1467 |
|
| 504 | _aBIBINDX | ||
| 650 | 7 |
_aSermaye piyasası _xHukuk ve mevzuat _zTürkiye _2etuturkob _951280 |
|
| 700 | 1 |
_aTuran, Gökçen, _d1975- _eauthor _9121389 |
|
| 942 |
_2lcc _cBK |
||
| 999 |
_c200463333 _d81545 |
||